UITU Library & LRC     

Cultural Life in the Federal Republic of Germany (Record no. 19014)

MARC details
000 -LEADER
fixed length control field 00376nam a2200157Ia 4500
003 - CONTROL NUMBER IDENTIFIER
control field OSt
005 - DATE AND TIME OF LATEST TRANSACTION
control field 20260518155305.0
008 - FIXED-LENGTH DATA ELEMENTS--GENERAL INFORMATION
fixed length control field 241002s9999 xx 000 0 und d
040 ## - CATALOGING SOURCE
Transcribing agency AACR2
082 ## - DEWEY DECIMAL CLASSIFICATION NUMBER
Classification number 943.089 MOO
100 ## - MAIN ENTRY--PERSONAL NAME
Personal name Moos, Detlev
245 #0 - TITLE STATEMENT
Title Cultural Life in the Federal Republic of Germany
260 ## - PUBLICATION, DISTRIBUTION, ETC.
Place of publication, distribution, etc. Karachi:
Date of publication, distribution, etc. 1993
600 ## - SUBJECT ADDED ENTRY--PERSONAL NAME
Personal name History
942 ## - ADDED ENTRY ELEMENTS (KOHA)
Koha item type Usman Collection
Source of classification or shelving scheme Dewey Decimal Classification
Holdings
Withdrawn status Lost status Source of classification or shelving scheme Damaged status Not for loan Home library Current library Date acquired Total checkouts Full call number Barcode Date last seen Price effective from Koha item type
    Dewey Decimal Classification     UITU Library UITU Library 01/01/1994   943.089 MOO UC687 10/02/2024 10/02/2024 Usman Collection

Powered by Koha